| 000 | 00918nam a2200265 i 4500 | ||
|---|---|---|---|
| 003 | EG-GICUC | ||
| 005 | 20260416111542.0 | ||
| 008 | 260406b1976 us ||||fr|||| 000 0 eng d | ||
| 040 |
_aEG-GiCUC _beng _cEG-GiCUC _dEG-GiCUC _erda |
||
| 082 | 0 | 4 |
_221 _a341.65 _bR E . I |
| 092 | 0 | 4 | _221 |
| 099 | _aLaw1 11 341.65 R E . I 1976 | ||
| 110 |
_kRed Cross _eAuthor. |
||
| 245 | 1 | 4 |
_aThe International Committee Of The Red Cross And Torture / _cReprinted From The International Review Of The Red Cross. |
| 264 | 1 |
_aUnited States Of America : _bThe International Review Of The Red Cross, _c1976. |
|
| 300 |
_a7 pages : _c24 cm |
||
| 336 |
_2rda content _atext |
||
| 337 |
_2rda media _aComputer |
||
| 338 |
_2rda carrier _aOnline Resource |
||
| 546 | _aText in English | ||
| 650 | 1 | 4 | _aInternational Organisations |
| 856 | 4 | 0 | _uhttps://fll.law.cu.edu.eg/fulltext/bks/B11-07072.pdf |
| 905 | _a67 | ||
| 942 |
_2ddc _cBK _e21 _n0 |
||
| 999 |
_c69255 _d69255 |
||